| 000 | 00499nam a2200169 a 4500 | ||
|---|---|---|---|
| 001 | 000030033 | ||
| 005 | 20200930060005.0 | ||
| 008 | 110428s19uu dr 000 0 spa d | ||
| 040 |
_aDO-SdBNP _bspa _cBNPHU |
||
| 082 |
_axxx _bR436e |
||
| 100 | 1 |
_aRestituyo, Antonio _d1958- _956748 |
|
| 245 | 1 | 0 |
_aEstado y relaciones públicas / _cAntonio Restituyo. |
| 260 |
_a[s.n], _c[19--?]. |
||
| 300 |
_a44 p. ; _c20 cm. |
||
| 500 | _aIncluye datos biográficos del autor en la contraportada | ||
| 049 | _aBNPD | ||
| 999 |
_c29525 _d29525 |
||